00516nam a2200157 a 4500001001000000003000400010005001700014008004100031020001800072040002500090110005700115245008800172260004400260300002100304700003300325000044668OSt20240229073823.0141215s2011 dr 000 0 spa d a9789945877212 aDO-SdBNPbspacBNPHU1 aRepública Dominicana :bSuprema Corte de Justicia.10aDía del Poder Judicial :ba modo de resumen anual enero 2011 /cJorge Subero Isa. aSanto Domingo :bPoder Judicial,c2011. a251 p. ;c21 cm.1 aSubero Isa, Jorge A.,d1947-